| 000 | 01162nam a2200301Ia 4500 | ||
|---|---|---|---|
| 001 | ebr10326816 | ||
| 003 | CaPaEBR | ||
| 006 | m u | ||
| 007 | cr cn||||||||| | ||
| 008 | 011106s2004 enka sb 001 0 eng d | ||
| 020 | _z9780826453129 | ||
| 040 |
_aCaPaEBR _cCaPaEBR |
||
| 035 | _a(OCoLC)491363811 | ||
| 050 | 1 | 4 |
_aBF575.S75 _bO366 2004eb |
| 100 | 1 | _aO'Connell, Bill. | |
| 245 | 1 | 0 |
_aSolution-focused stress counselling _h[electronic resource] / _cBill O'Connell. |
| 260 |
_aLondon ; _aThousand Oaks, CA : _bSage Publications, _c2004. |
||
| 300 |
_ax, 145 p. : _bill. |
||
| 490 | 1 | _aStress counselling series | |
| 504 | _aIncludes bibliographical references and index. | ||
| 533 |
_aElectronic reproduction. _bPalo Alto, Calif. : _cebrary, _d2011. _nAvailable via World Wide Web. _nAccess may be limited to ebrary affiliated libraries. |
||
| 650 | 0 | _aStress management. | |
| 650 | 0 | _aCounseling. | |
| 655 | 7 |
_aElectronic books. _2local |
|
| 710 | 2 | _aebrary, Inc. | |
| 830 | 0 | _aStress counselling series. | |
| 856 | 4 | 0 |
_uhttp://site.ebrary.com/lib/rucke/Doc?id=10326816 _zAn electronic book accessible through the World Wide Web; click to view |
| 999 |
_c56098 _d56098 |
||